Quy hoạch và phát triển mạng viễn thông
Nội dung sách đề cập: tổng quan về mạng viễn thông; nghiên cứu về kinh tế mạng viễn thông; dự báo nhu cầu; cấu trúc mạng lưới; chất lượng thông tin; tính toán lưu lượng, xác định kích cở và vị trí tổng đài; tính toán và lập kế hoạc...
সংরক্ষণ করুন:
| প্রধান লেখক: | |
|---|---|
| বিন্যাস: | গ্রন্থ |
| ভাষা: | Undetermined |
| প্রকাশিত: |
Hà Nội
KHKT
2000
|
| বিষয়গুলি: | |
| ট্যাগগুলো: |
ট্যাগ যুক্ত করুন
কোনো ট্যাগ নেই, প্রথমজন হিসাবে ট্যাগ করুন!
|
| Thư viện lưu trữ: | Trung tâm Học liệu Trường Đại học Cần Thơ |
|---|
| LEADER | 01143nam a2200205Ia 4500 | ||
|---|---|---|---|
| 001 | CTU_39723 | ||
| 008 | 210402s9999 xx 000 0 und d | ||
| 020 | |b 38.500đ | ||
| 082 | |a 384.041 | ||
| 082 | |b V305 | ||
| 100 | |a Viện Kinh tế Bưu điện | ||
| 245 | 0 | |a Quy hoạch và phát triển mạng viễn thông | |
| 245 | 0 | |c Viện Kinh tế Bưu điện | |
| 260 | |a Hà Nội | ||
| 260 | |b KHKT | ||
| 260 | |c 2000 | ||
| 520 | |a Nội dung sách đề cập: tổng quan về mạng viễn thông; nghiên cứu về kinh tế mạng viễn thông; dự báo nhu cầu; cấu trúc mạng lưới; chất lượng thông tin; tính toán lưu lượng, xác định kích cở và vị trí tổng đài; tính toán và lập kế hoạch truyền dẫn, mạng thuê bao; và hệ thống báo hiệu kênh chung. | ||
| 650 | |a telecommunication - equipments and supplies,telecommunication systemstelecommunication - equipments and supplies | ||
| 904 | |i Minh, 001202 | ||
| 980 | |a Trung tâm Học liệu Trường Đại học Cần Thơ | ||